Las cooperativas escolares /

Guardado en:
Autor Principal: Kaplan de Drimer, Alicia.
Otros Autores: Drimer, Bernardo.
Formato: Libro
Idioma:Spanish
Publicado: Buenos Aires : INTERCOOP, Editora Cooperativa Ltda., 2006.
Edición:5a. ed. actualizada.
Series:Ediciones Intercoop/Argentina. Cuadernos de cultura cooperativa ; 75.
Materias:
Etiquetas: Agregar Etiqueta
Sin Etiquetas, Sea el primero en etiquetar este registro!
LEADER 00921nam a22002415a 4500
001 EAD.ead003955
008 160826s2006####ag#######b####000#0#spa#d
005 20160826165547.0
245 1 4 |a Las cooperativas escolares /  |c Alicia K. de Drimer, Bernardo Drimer. 
250 |a 5a. ed. actualizada. 
260 |a Buenos Aires :  |b INTERCOOP, Editora Cooperativa Ltda.,  |c 2006. 
300 |a 263 p. ;  |c 20 cm. 
490 1 |a Ediciones Intercoop/Argentina. Cuadernos de cultura cooperativa ;  |v 75 
504 |a Incluye referencias bibliográficas (p. 257-263). 
020 |a 9509012874 
020 |a 9789509012875 
100 1 |a Kaplan de Drimer, Alicia. 
700 1 |a Drimer, Bernardo. 
830 0 |a Ediciones Intercoop/Argentina.  |p Cuadernos de cultura cooperativa ;  |v 75. 
082 0 4 |a 370  |2 21 
650 7 |a Educación.  |2 unbist 
653 |a Cooperativas escolares 
859 |a AR-BaBDC  |b BIB. ADMINISTRACION GABCOOP - Libros  |h 370  |i K141a5  |p g01398